00526cam a22001697a 450000100100000000500170001000800410002701000130006804000200008108200190010110000310012024500610015126000720021230000200028465000250030465000270032900000847820200929161340.0941117s1993 ec 000 0 spa  a94230259 aDO-SdBNPcBNPHU aE863.44bR333p1 aRegalado, Libertad,d1953-14aLas palabras sumergidas :bcuentos /cLibertad Regalado. aManta, Ecuador :bUniversidad Laica "Eloy Alfaro" de Manabi,c1993. a95 p. ;c20 cm. 4aCuentos ecuatorianos 4aLiteratura ecuatoriana